Kinh tế vi mô
সংরক্ষণ করুন:
| অন্যান্য লেখক: | , , |
|---|---|
| বিন্যাস: | গ্রন্থ |
| প্রকাশিত: |
H.
Thống kê
2005
|
| সংস্করন: | Tái bản lần 1 |
| বিষয়গুলি: | |
| ট্যাগগুলো: |
ট্যাগ যুক্ত করুন
কোনো ট্যাগ নেই, প্রথমজন হিসাবে ট্যাগ করুন!
|
| Thư viện lưu trữ: | Trung tâm Học liệu Lê Vũ Hùng, Trường Đại học Đồng Tháp |
|---|
| LEADER | 00888pam a22002898a 4500 | ||
|---|---|---|---|
| 001 | 00025018 | ||
| 005 | 20171026081022.0 | ||
| 008 | 110729s2005 ||||||Viesd | ||
| 041 | 0 | # | |a Vie |
| 082 | 1 | 4 | |a 338.5 |b K312T |
| 245 | 0 | 0 | |a Kinh tế vi mô |c Lê Bảo Lâm...[và nh.ng.khác] |
| 250 | # | # | |a Tái bản lần 1 |
| 260 | # | # | |a H. |b Thống kê |c 2005 |
| 300 | # | # | |a 221tr. |c 24cm. |
| 500 | # | # | |a ĐTTS ghi: Trường Đại học Kinh tế Thành phố Hồ Chí Minh |
| 650 | # | 4 | |a Kinh tế vi mô |
| 650 | # | 4 | |a Giáo trình |
| 700 | 1 | # | |a Trần Bá Thọ |
| 700 | 1 | # | |a Nguyễn Như Ý |
| 700 | 1 | # | |a Trần Thị Bích Dung |
| 852 | # | # | |j KD.0009432 |
| 852 | # | # | |j KD.0009432 |b Kho đọc |
| 910 | |d 29/07/2011 | ||
| 980 | # | # | |a Trung tâm Học liệu Lê Vũ Hùng, Trường Đại học Đồng Tháp |